Study on growth rate of hubbard broiler by using dried larvae instead of fish meal in basic diets, (ការសិក្សាពីអត្រាលូតលាស់នៃមាន់សាច់ពូជHUBBARD ដោយប្រើប្រាស់ដង្កូវក្រៀមជំនួសម្សៅត្រី នៅក្នុងចំណីគ្រឹះ) (Record no. 1793)
[ view plain ]
| 000 -LEADER | |
|---|---|
| fixed length control field | 00746nam a22001577a 4500 |
| 003 - CONTROL NUMBER IDENTIFIER | |
| control field | OSt |
| 005 - DATE AND TIME OF LATEST TRANSACTION | |
| control field | 20151003141602.0 |
| 008 - FIXED-LENGTH DATA ELEMENTS--GENERAL INFORMATION | |
| fixed length control field | 151003b xxu||||| |||| 00| 0 eng d |
| 040 ## - CATALOGING SOURCE | |
| Transcribing agency | RUA |
| 082 ## - DEWEY DECIMAL CLASSIFICATION NUMBER | |
| Classification number | AVM NEO 1993 B073 Or.1 |
| 100 ## - MAIN ENTRY--PERSONAL NAME | |
| 9 (RLIN) | 1899 |
| Personal name | NEOU SOVATTHA |
| 245 ## - TITLE STATEMENT | |
| Title | Study on growth rate of hubbard broiler by using dried larvae instead of fish meal in basic diets, (ការសិក្សាពីអត្រាលូតលាស់នៃមាន់សាច់ពូជHUBBARD ដោយប្រើប្រាស់ដង្កូវក្រៀមជំនួសម្សៅត្រី នៅក្នុងចំណីគ្រឹះ) |
| 260 ## - PUBLICATION, DISTRIBUTION, ETC. (IMPRINT) | |
| Place of publication, distribution, etc. | phnom penh |
| Name of publisher, distributor, etc. | RUA |
| Date of publication, distribution, etc. | 1993 |
| 300 ## - PHYSICAL DESCRIPTION | |
| Extent | ix, 42p. |
| Other physical details | ill. |
| Dimensions | 29cm. |
| 942 ## - ADDED ENTRY ELEMENTS (KOHA) | |
| Source of classification or shelving scheme | |
| Koha item type | AVM |
| Price effective from | Date last seen | Permanent Location | Not for loan | Date acquired | Source of classification or shelving scheme | Koha item type | Lost status | Withdrawn status | Date last checked out | Total Checkouts | Shelving location | Damaged status | Barcode | Current Location | Full call number |
|---|---|---|---|---|---|---|---|---|---|---|---|---|---|---|---|
| 2015-10-03 | 2015-10-03 | Library Block B | 2015-10-03 | AVM | B073 | RUA015255 | Library Block B | AVM NEO 1993 B073 Or.1 | |||||||
| 2015-10-03 | 2024-03-01 | Library Block B | 2015-10-03 | AVM | 2024-02-13 | 3 | B073 | RUA020030 | Library Block B | AVM NEO 1993 B073 Or.2 | |||||
| 2015-10-03 | 2022-12-16 | Library Block B | 2015-10-03 | AVM | 2022-11-28 | 1 | B073 | RUA015181 | Library Block B | AVM NEO 1993 B073 Or.3 | |||||
| 2015-10-03 | 2015-10-03 | Library Block B | 2015-10-03 | AVM | B073 | RUA015123 | Library Block B | AVM NEO 1993 B073 Or.4 | |||||||
| 2015-10-03 | 2015-10-03 | Library Block B | 2015-10-03 | AVM | RUA015188 | Library Block B | AVM NEO 1993 B073 Or.5 |